The United States Senate - Statistics

General Stats
  • This quiz has been taken 18 times
  • The average score is 63 of 100
Answer Stats
State Party Senator % Correct
Arizona Democrat Mark Kelly
91%
Maine Independent Angus King Jr.
82%
Massachusetts Democrat Elizabeth Warren
82%
Illinois Democrat Richard Durbin
82%
Florida Republican Rick Scott
82%
Wisconsin Republican Ron Johnson
82%
Arizona Democrat Ruben Gallego
82%
Maine Republican Susan Collins
82%
Illinois Democrat Tammy Duckworth
82%
South Carolina Republican Tim Scott
82%
California Democrat Adam Schiff
73%
California Democrat Alex Padilla
73%
New Mexico Democrat Ben Ray Lujan
73%
Vermont Independent Bernie Sanders
73%
New York Democrat Charles Schumer
73%
Connecticut Democrat Christopher Murphy
73%
Iowa Republican Chuck Grassley
73%
Mississippi Republican Cindy Hyde-Smith
73%
New Jersey Democrat Cory Booker
73%
Massachusetts Democrat Edward Markey
73%
Texas Republican John Cornyn
73%
Colorado Democrat John Hickenlooper
73%
Louisiana Republican John Kennedy
73%
Georgia Democrat Jon Ossoff
73%
Missouri Republican Josh Hawley
73%
South Carolina Republican Lindsey Graham
73%
New Hampshire Democrat Margaret Wood Hassan
73%
Virginia Democrat Mark Warner
73%
Utah Republican Mike Lee
73%
Kentucky Republican Mitch McConnell
73%
Kentucky Republican Randy Paul
73%
Georgia Democrat Raphael Warnock
73%
Oregon Democrat Ron Wyden
73%
Wisconsin Democrat Tammy Baldwin
73%
Texas Republican Ted Cruz
73%
North Carolina Republican Thom Tillis
73%
Minnesota Democrat Tina Smith
73%
Minnesota Democrat Amy Klobuchar
64%
New Jersey Democrat Andy Kim
64%
Maryland Democrat Angela Alsobrooks
64%
Florida Republican Ashley Moody
64%
Louisiana Republican Bill Cassidy
64%
Hawaii Democrat Brian Schatz
64%
Nevada Democrat Catherine Cortez Masto
64%
Delaware Democrat Christopher Coons
64%
Maryland Democrat Chris Van Hollen
64%
Wyoming Republican Cynthia Lummis
64%
Alaska Republican Dan Sullivan
64%
Michigan Democrat Gary Peters
64%
Nevada Democrat Jacky Rosen
64%
New Hampshire Democrat Jeanne Shaheen
64%
Wyoming Republican John Barrasso
64%
Pennsylvania Democrat John Fetterman
64%
Iowa Republican Joni Ernst
64%
New York Democrat Kirsten Gillibrand
64%
Delaware Democrat Lisa Blunt Rochester
64%
Alaska Republican Lisa Murkowski
64%
Tennessee Republican Marsha Blackburn
64%
Colorado Democrat Michael Bennet
64%
Washington Democrat Patty Murray
64%
Rhode Island Democrat Sheldon Whitehouse
64%
Virginia Democrat Tim Kaine
64%
Alabama Republican Tommy Tuberville
64%
Ohio Republican Bernie Moreno
55%
Tennessee Republican Bill Hagerty
55%
Pennsylvania Republican David McCormick
55%
Nebraska Republican Deb Fischer
55%
Michigan Democrat Elissa Slotkin
55%
Missouri Republican Eric Schmitt
55%
Rhode Island Democrat Jack Reed
55%
West Virginia Republican James Justice
55%
Oregon Democrat Jeff Merkley
55%
South Dakota Republican John Thune
55%
Ohio Republican Jon Husted
55%
Washington Democrat Maria Cantwell
55%
New Mexico Democrat Martin Heinrich
55%
Hawaii Democrat Mazie Hirono
55%
Nebraska Republican Pete Ricketts
55%
Vermont Democrat Peter Welch
55%
Kansas Republican Roger Marshall
55%
West Virginia Republican Shelley Moore Capito
55%
Montana Republican Steve Daines
55%
Montana Republican Tim Sheehy
55%
Indiana Republican Todd Young
55%
Arkansas Republican Tom Cotton
55%
Oklahoma Republican Alan Armstrong
45%
Idaho Republican James Risch
45%
Kansas Republican Jerry Moran
45%
Indiana Republican Jim Banks
45%
Arkansas Republican John Boozman
45%
North Dakota Republican John Hoeven
45%
Alabama Republican Katie Britt
45%
North Dakota Republican Kevin Cramer
45%
Idaho Republican Mike Crapo
45%
South Dakota Republican Mike Rounds
45%
Connecticut Democrat Richard Blumenthal
45%
Mississippi Republican Roger Wicker
45%
Oklahoma Republican James Lankford
36%
Utah Republican John Curtis
36%
North Carolina Republican Ted Budd
36%
No matching quizzes found
Score Distribution
Percent of People with Each Score
Percentile by Number Answered
Your Score History
You have not taken this quiz